|
|
|
|
| LEADER |
02408nam a2200457 a 4500 |
| 001 |
mzk03000901587 |
| 003 |
CZ BrMZK |
| 005 |
20130305155501.0 |
| 007 |
ta |
| 008 |
041105s1740 ne fr|||||00| ||freod |
| 040 |
|
|
|a BOA001
|b cze
|
| 041 |
1 |
|
|a fre
|h lat
|
| 072 |
|
7 |
|a 094
|x Staré tisky
|2 Konspekt
|9 12
|
| 080 |
|
|
|a (0.068)094
|2 MRF
|
| 100 |
1 |
|
|a Thou, Jacques-Auguste de,
|d 1553-1617
|7 mzk2007395174
|4 aut
|
| 245 |
1 |
0 |
|a Histoire universelle de Jaques-Auguste de Thou, Avec la suite par Nicolas Rigault :
|b Les Memoires de la Vie de L'Auteur, Un Recueil de Pieces concernant sa Personne & ses Ouvrages: y comprises les Notes & principales Variantes, Corrections & Restitutions, qui se trouvent dans les MSS. de la Bibliotheque du Roi de France, de Mrs. Du Puy, Rigault, & de Sainte-Marthe. Le tout traduit sur la nouvelle Edition Latine de Londres. Et Augmenté de Remarques historiques & critiques de Casaubon, de Du Plessis Mornay, G. Laurent, Ch. De L'Ecluse, Guy Patin, P. Bayle, J. Le Duchat, & autres.
|n Tome troisieme. 1560-1567
|
| 246 |
3 |
3 |
|a Histoire de Jaques-Auguste de Thou, Depuis M.D.XLIII. jusqu´en M.DC.X.
|
| 260 |
|
|
|a A La Haye :
|b Chez Henri Scheurleer,
|c 1740
|
| 300 |
|
|
|a [4], 786 s. ;
|c 4°
|
| 500 |
|
|
|a Výzdoba: Titulní strana tištěna červeně a černě, signet (signovaný B. Picart, s devízou Vita post fvnera reddit), viněty, iniciály
|
| 563 |
|
|
|a Původní celokožená vazba se zlaceným hřbetem
|
| 653 |
|
|
|a dějiny světové - 1543-1605
|
| 655 |
|
7 |
|a staré tisky
|7 fd422076
|2 czenas
|
| 700 |
1 |
|
|a Rigault, Nicolas,
|d 1577-1654
|7 mzk2009510554
|4 aut
|
| 700 |
1 |
|
|a Dupuy, Jacques,
|d 1591-1656
|7 mzk2009533793
|4 oth
|
| 700 |
1 |
|
|a Mornay, Philippe de,
|d 1549-1623
|7 jx20050411004
|4 oth
|
| 700 |
1 |
|
|a Laurent, G.
|4 oth
|
| 700 |
1 |
|
|a L'Écluse, Charles de,
|d 1526-1609
|7 mzk2003197450
|4 oth
|
| 700 |
1 |
|
|a Patin, Guy,
|d 1601-1672
|7 nlk20000091313
|4 oth
|
| 700 |
1 |
|
|a Bayle, Pierre,
|d 1647-1706
|7 jn20000600673
|4 oth
|
| 700 |
1 |
|
|a Le Duchat, Jacob,
|d 1658-1735
|7 mzk2009533792
|4 oth
|
| 700 |
1 |
|
|a Picart, Bernard,
|d 1673-1733
|7 ola2004219939
|4 egr
|
| 903 |
|
|
|a RP
|
| 910 |
|
|
|a BOA001
|b ST2-0258.927,3
|
| 978 |
|
|
|b Scheurleer, Hendrik
|a Haag
|c 1740
|
| 984 |
|
|
|a Den Haag
|b Nizozemsko
|
| 985 |
|
|
|a 1701-1750
|
| 990 |
|
|
|a BK
|
| 993 |
|
|
|a Y
|
| 991 |
|
|
|k mzk
|
| 996 |
6 |
|
|b 2619293529
|c ST2-0258.927,3
|l stud. ST
|r Sklad / do násl. otevíracího dne
|n 0
|w 000901587
|u 000010
|a 1
|e BOA001
|s P
|